000
00182nam a2200085 4500
001
1257646
005
20260217141846.0
245
_a
FUAT SEZGİN
_c
AYŞENUR GÖNEN
260
_b
ERDEM GENÇ
999
_c
1257646
_d
1257646